000 00858nam a2200253 a 4500
001 67380
003 BD-RjUL
005 20211209081638.0
008 170325s1992 enka b 001 0 eng
020 _a0471918113 (cloth) :
_c$220.00 (U.S. : est.)
035 _a(BD-RjUL)67511
040 _aDLC
_cDLC
_dBD-RjUL
_beng
041 1 _aeng
_hger
082 0 0 _a660.283
_223
_bDEB 1992
100 1 _aDeckwer, Wolf-Dieter.
_9199628
245 1 0 _aBubble column reactors /
_cWolf-Dieter Deckwer ; translated by Valerie Cottrell ; edited by Robert W. Field.
260 _aChichester ;
_aNew York :
_bWiley,
_cc1992.
300 _axiv, 533 p. :
_bill. ;
_c24 cm.
504 _aIncludes bibliographical references and index.
650 0 _aPlate towers.
_9199629
700 1 _aField, Robert W.
_9199630
942 _2ddc
_cBK
999 _c67380
_d67380